Statistics for Japanese Foods

Click here to take the quiz!

General Stats

  • This quiz has been taken 48 times
  • The average score is 22 of 30

Answer Stats

DescriptionAnswer% Correct
Green paste served with the aboveWasabi
100%
Soup regularly eaten in Japan that is most commonly served with tofu{Miso} soup
98%
Japanese noodle broth dish of Chinese origin that can come in an instant versionRamen
98%
Seasoned rice with meat/seafoodSushi
98%
Sliced raw fish or meat typically dipped in soy sauceSashimi
95%
Another type of beef named after a Japanese city. It also shares its name with a famous NBA playerKobe
91%
Boiled or steamed green soybeansEdamame
89%
Buckwheat noodles whose name differs from the word 'soda' by one letterSoba
89%
Type of grounded green tea originally from China that is used in many Japanese desserts and drinksMatcha
86%
Japanese rice wineSake
86%
Thicker type of noodleUdon
86%
Breed of cow with a uniquely intense marbling; its highest grade is A5Wagyu
86%
Soft, squishy dessert ballsMochi
84%
Curry with a deep-fried, crusted meat which is usually chicken or pork{Katsu} curry
82%
Ball-shaped street snacks with various fillings (typically octopus)Takoyaki
82%
Dish of seafood or vegetables that are coated in a thin batter and deep friedTempura
82%
Triangular/cylindrical rice snack wrapped in nori seaweed that is typically filledOnigiri
73%
Meaning of 'unagi'Eel
68%
Fish that has to be carefully prepared due to its toxic liverFugu
64%
Omelette dish of scrambled eggs on fried rice that is topped with ketchup or demi-glaceOmurice
64%
Japanese brand of carbonated soft drink sealed by a round glass marbleRamune
61%
Shavings of smoked, fermented tuna that resemble wood{Bonito} flakes
55%
Island renowned for having Japan’s highest quality of fishHokkaido
52%
Divisive dish of fermented whole soybeansNatto
50%
Marinated chicken or other meats deep-fried in oilKaraage
48%
The Okinawan side dish mimigaa is boiled and pickled pig's ____Ears
45%
Extremely expensive tuna which has once been sold for ¥333,600,000{Bluefin} tuna
43%
Fluffy dessert pancakes{Souffle} pancakes
43%
Hot pot dish of thinly sliced meat and various other ingredients cooked in an iron pot using a soy sauce, sugar and mirin brothSukiyaki
34%
Japanese brand of sweet, filled biscuits which each have a giant panda printed on themHello Panda
32%

Score Distribution

Percentile by Number Answered

Percent of People with Each Score

Your Score History

You have not taken this quiz